Nazionali mai qualificate ai Mondiali - Morte improvvisa - Statistics

Statistiche generali
  • Questo quiz è stato fatto 506 volte
    212 dall'ultimo reset
  • Il punteggio medio è 5 su 21
Answers on the Grid
Answers color-coded by a green-red scale on the quiz's grid according to % correct below.
Lussemburgo
Finlandia
Guatemala
Cipro
Siria
Suriname
Zambia
Venezuela
Malaysia
Thailandia
Guinea
Kenya
Sudan
Albania
Malta
Singapore
Bahrein
Bangladesh
Estonia
Pakistan
San Marino
Qatar
Cuba
Israele
Haiti
Kuwait
Uzbekistan
Emirati Arabi Uniti
Giamaica
Cina
Angola
Giordania
Corea del Nord
Nuova Zelanda
Slovenia
Canada
Honduras
Irlanda del Nord
Grecia
Ghana
Scozia
Costa Rica
 
Statistiche sulle risposte
Risposta % Corretto
San Marino
46%
Malta
33%
Lussemburgo
31%
Bangladesh
30%
Pakistan
30%
Cipro
27%
Estonia
27%
Malaysia
27%
Suriname
27%
Bahrein
24%
Kenya
24%
Siria
24%
Singapore
23%
Albania
21%
Thailandia
20%
Guatemala
19%
Guinea
19%
Sudan
18%
Venezuela
16%
Zambia
16%
Finlandia
13%
Nessun quiz corrispondente trovato
Distribuzione punteggi
Percentuale di utenti per punteggio
Percentile per numero di risposta
I tuoi punteggi nel tempo
Non hai fatto questo quiz dall'ultimo reset